000 00408nam a2200157Ia 4500
008 160316s1995 xxu||||| |||| 00| 0 eng d
082 _a344.010000
_bKHA
100 _aKharbanda V K
245 _aCommentaries on contract labour (Regulation and Abolition) act, 1970
250 _a
260 _aAllahabad
_bLaw Publishing House
_c1995
300 _a447
_b
_c
365 _b375/-
650 _a
700 _a
_a
999 _c8854
_d8854